List of Major Jewish Ghettoes of Nazi Occupied Europe 1939-1945 - Statistics

General Stats
  • This quiz has been taken 164 times
  • The average score is 10 of 24
Answer Stats
Population Country City % Correct
400,000 - 500,000 Poland Warsaw
97%
100,000 Belorussia Minsk
85%
100,000 Netherlands Amsterdam
84%
70,000 Hungary Budapest
83%
19,000 Poland Kraków
80%
43,000 Latvia Riga
79%
205,000 Poland Łódź
69%
41,000 Lithuania Vilna / Vilnius
68%
110,000 Ukraine Lvov / Lviv
64%
56,000 Greece Salonika / Thessaloniki
54%
40,000 Lithuania Kovno/Kaunas
49%
34,000 Poland Lublin
49%
35,000 - 50,000 Poland Bialystok
31%
25,000 Poland Grodno
27%
30,000 Poland Radom
19%
16,000 Belorussia Vitebsk
19%
90,000 Czechoslovakia Theresienstadt
18%
7,400 Latvia Liepaja
17%
12,500 Ukraine Ternopol / Ternopil
13%
9,000 Belorussia Lida
10%
6,000 Belorussia Novogrudok
4%
27,000 Poland Bedzin
3%
50,000 Romania Chernovtsy
3%
2,500 Belorussia Mir
2%
No matching quizzes found
Score Distribution
Percent of People with Each Score
Percentile by Number Answered
Your Score History
You have not taken this quiz